| 000 | 00706nam a2200217 i 4500 | ||
|---|---|---|---|
| 001 | 49566 | ||
| 003 | ES-MaACL | ||
| 005 | 20251014063114.0 | ||
| 007 | t| | ||
| 008 | 030718s1969 ag ||||1| spa d | ||
| 100 | 1 |
_aPinto, Luiz de Aguiar Costa, _d1920-2002 _9171922 |
|
| 245 | 1 | 3 |
_aLa sociología del cambio y el cambio de la sociología / _cLuis A. Costa Pinto ; [traducción por Oscar Uribe Villegas]. |
| 250 | _a3ª ed. | ||
| 260 |
_aBuenos Aires : _bEudeba, _c1969. |
||
| 300 |
_a234 p. ; _c19 cm. |
||
| 650 | 0 | 7 |
_aCambio social _2embne _910692 |
| 650 | 7 |
_aSociología _2embne _917195 |
|
| 700 | 1 |
_aUribe Villegas, Oscar. _9112167 |
|
| 852 |
_aES-MaACL _jE-8667 |
||
| 999 |
_c49566 _d49566 |
||